Vedoucí a rozhodovací proces v obchodních systémech

Saved in:
Bibliographic Details
Main Author: Pichanič, Mikuláš
Format: Book
Language:Czech
Published: Praha Merkur 1983
Tags: Add Tag
No Tags, Be the first to tag this record!

MARC

LEADER 00000nam a2200000 4500
001 c114565
005 20041019155159.0
041 0 |a cze 
044 |a CZ 
245 1 0 |a Vedoucí a rozhodovací proces v obchodních systémech  |c Mikuláš Pichanič 
264 1 |a Praha  |b Merkur  |c 1983 
300 |a 151 s. 
100 1 |a Pichanič, Mikuláš